Ley general de sociedades. Revisada, ordenada y comentada : ley 19.550 y normas complementarias /
Guardado en:
| Autor Principal: | |
|---|---|
| Formato: | Libro |
| Idioma: | Spanish |
| Publicado: |
Ciudad Autónoma de Buenos Aires :
Cathedra Jurídica,
2016
|
| Edición: | 1a. ed. |
| Materias: | |
| Etiquetas: |
Agregar Etiqueta
Sin Etiquetas, Sea el primero en etiquetar este registro!
|
| LEADER | 00715nam a22001695a 4500 | ||
|---|---|---|---|
| 001 | DER.der013342 | ||
| 008 | 180615s2016####ag#||||||||||||||#||spa|| | ||
| 005 | 20251013121212.0 | ||
| 245 | 1 | 0 | |a Ley general de sociedades. Revisada, ordenada y comentada : |b ley 19.550 y normas complementarias / |c Sebastián Balbín. |
| 250 | |a 1a. ed. | ||
| 260 | |a Ciudad Autónoma de Buenos Aires : |b Cathedra Jurídica, |c 2016 | ||
| 300 | |a 964 p. | ||
| 500 | |a Resolución IGJ 7/2015 (t.o. resolución IGJ 9/2015) con las modificaciones de la resolución IGJ 6/2016. Texto ordenado según decreto 841/84. | ||
| 020 | |a 9789873886140 | ||
| 100 | 1 | |a Balbín, Sebastián | |
| 650 | 7 | |a DERECHO SOCIETARIO | |
| 859 | |a DERECHO |b BIB. DERECHO |h 346.07 |i BAL |p 008276 | ||
